Praelectiones philosophicae ad mentem S.Thomae Aquinatis (Registro nro. 37718)

Detalles MARC
000 -ENCABEZADO
Número de control [NR] 02157nam a2200301Ia 4500
008 - DE LONGITUD FIJA DE DATOS DE ELEMENTOS - INFORMACIÓN GENERAL
Elementos de longitud fija [NR] 130821s1880 fr gr lat
040 ## - FUENTE DE CATALOGACION [NR]
Agencia de catalogación original [NR] Co-BoUCM
Idioma de catalogación [NR] spa
041 1# - CODIGO DE IDIOMA [R]
Código de idioma para texto/pista de sonido o título separado [R] Latín
092 ## - SIGNATURA TOPOGRAFICA LOCAL
Número de clasificación local E21N017
100 1# - ASIENTO PRINCIPAL--NOMBRE PERSONAL [NR]
Nombre personal [NR] Vallet, P.
242 00 - TRADUCCION DEL TITULO POR LA AGENCIA CATALOGADORA [R]
Título [NR] Lecciones de filosofía según la doctrina de Santo Tomás de Aquino
Mención de responsabilidad, etc. [NR] P. Vallet
Número de la parte o sección [R] Tomo primero
Nombre de la parte o sección [R] Lógica y Antropología
Código de idioma del título traducido [NR] spa
245 10 - MENCION DE TITULO [NR]
Título [NR] Praelectiones philosophicae ad mentem S.Thomae Aquinatis
Mención de responsabilidad, etc. [NR] autore P. Vallet
Número de la parte/sección de la obra [R] Tomus Primus
Nombre de la parte/sección de la obra [R] Logica et anthropologia.
246 13 - FORMA VARIANTE DEL TITULO [R]
Título propiamente dicho/forma breve del título [NR] [Lecciones de filosofía según la doctrina de Santo Tomás de Aquino
Número de la parte/sección de la obra [R] Tomo primero
Nombre de la parte/sección de la obra [R] Lógica y Antropología]
250 ## - MENCION DE EDICION [NR]
Mención de edición [NR] Altera editio
Resto de la mención de edición [NR] emendata [2 ed.
-- revisada]
260 ## - PUBLICACION, DISTRIBUCION, ETC. (PIE DE IMPRENTA) [R]
Lugar de publicación, distribución, etc. [R] París (Francia)
Nombre del editor, distribuidor, etc. [R] A, Roger et F. Chernoviz
Fecha de publicación, distribución, etc. [R] 1880
300 ## - DESCRIPCION FISICA [R]
Extensión [R] 492 páginas
500 ## - NOTA GENERAL [R]
Nota general [NR] Colección incompleta.
500 ## - NOTA GENERAL [R]
Nota general [NR] Detalles físicos: Encuadernación rígida (holandesa) en cartón duro forrado en papel jaspeado con lomo en piel, muy deteriorado y desteñido, con letras y adornos en dorado. Conserva guardas, anteportada y portada impresa a una sola tinta y en diferentes tipos de letra. Texto bien impreso, en una sola columna, sobre papel de buena calidad, notas de pie de página. Visible residuos de cinta en tapas. En la anteportada anotaciones manuscritas a lápiz: "2,40". Un sello de tinta: "+ J Gómez O". Otro sello de tinta dice: "El Colegio de Nuestra Señora del Rosario". En la portada sellos de tinta: "El Colegio de Nuestra Señora del Rosario" y "Del Colegio Mayor del Rosario".
505 0# - NOTA DE CONTENIDO CON FORMATO PREESTABLECIDO [R]
Nota de contenido con formato preestablecido [NR] V.1: Introducción a la filosofía. -- Lógica: Naturaleza, división, importancia de la lógica. ; La búsqueda de la verdad (Criteriología). ; Dialéctica. ; El método. ; Metodología. -- Antropología: Las potencias del alma: en general y en particular. ; Apéndice. ; La naturaleza del hombre. ; Unión del alma con el cuerpo. ; El alma en sí misma.
506 ## - NOTA DE RESTRICCIONES DE ACCESO [R]
Condiciones de acceso [NR] Consulta en sala.
650 04 - ASIENTO SECUNDARIO DE MATERIA - TERMINO TEMATICO [R]
Término temático o nombre geográfico como elemento de entrada [NR] Escolasticismo
9 (RLIN) 14772
650 04 - ASIENTO SECUNDARIO DE MATERIA - TERMINO TEMATICO [R]
Término temático o nombre geográfico como elemento de entrada [NR] Filosofía
9 (RLIN) 75
650 04 - ASIENTO SECUNDARIO DE MATERIA - TERMINO TEMATICO [R]
Término temático o nombre geográfico como elemento de entrada [NR] Tomismo
9 (RLIN) 25513
700 1# - ASIENTO SECUNDARIO - NOMBRE PERSONAL [R]
Nombre personal [NR] Chernoviz, F.
Término de relación [R]
700 1# - ASIENTO SECUNDARIO - NOMBRE PERSONAL [R]
Nombre personal [NR] Roger, A.
Término de relación [R]
942 ## - ELEMENTOS DE ENTRADA AGREGADOS (KOHA)
Tipo de ítem principal el descrito en 300a Libro
Tema principal Filosofía
Edición 2
Sistema de clasificación DEWEY
Clasificación 189.4
Existencias
Total préstamos Código de barras Última vez visto Volúmen / Fascículo Ejemplar Price effective from Tipo de ítem Perdido Sistema de clasificación Dañado No prestable Tipo de ítem específico Suprimido Ubicación habitual Ubicación actual Localización Fecha de creación Forma de adquisición Costo
  L003105 15/12/2012 E21N017 V.1 Ej.1 03/02/2013 Libro   DEWEY     Libro archivo     Archivo Histórico Archivo histórico 28/02/2013 Donación 0.00